00883nam a22002777a 45000010005000000030006000050050017000110080041000280200015000690400029000840500010001130820010001231000021001332450075001542600042002293000044002714900030003155050008003455200087003535210029004405210020004696500039004896500020005286500023005487000034005718344FISKH20250909163934.0250909b cb ||||| |||| 00| 0 eng d a0531044432 aFISKHbengcFISKHdFISKH a A752 a331.7 aArnold, Caroline aWho works here ? /cBy Caroline Arnold : Protographs by Carole Bertol  aNew York : bFranklin Watts , c1982. a32 pages : billustrations ; c26 cm .  aEasy-Read Community Books aJ  aTexts and photographs describe how diverse jobs add to the vitality of a community8 a500 bLexile estimate 8 aJ bRaz-Plus  aOccupations vJuvenile Literature  aCommunity Life  aCommunity Service  aBertol, CaroleePhotographer